000 01593aaa a2200385 a 4500
999 _c323580
_d323580
003 BLK
005 20241219172037.0
008 180802b bula|||gr|||| 00| 0 bul d
020 _a9786191993390
040 _aBLK
041 _aBUL
_cBUL
072 _9178281
_aН85
_xДетска художествена литература Н
080 _aАнглийска литература
_b821.111
_z821.111-93-31
100 _aЧапмън, Линда
_9391518
_eпърви автор
139 _aЧапмън, Линда
_bЧ 28
245 _aПекарна Захар и канела : Кексчета и състезания : Кн. 3
_cЛинда Чапман ; прев. Екатерина Митренцева ; худож. Кейт Хиндли
257 _aGBR
260 _bФют
_c2018
_aСофия
_fМултипринт ЕООД
300 _a159 с.
_c20 см
_bс ил.
380 _aDX
490 _9389524
_aПекарна "Захар и канела"
_vКн. 3
500 _aОриг. загл.: Best friends' bakery: cupcakes & contests / Linda Chapman Кн. 3 от поредицата Пекарна "Захар & канела"
659 7 _9178160
_aН
_xНови книги
700 _aМитренцева, Екатерина Христева
_9270859
700 _9599
_aХиндли, Кейт
_eил.
852 _aЦб 292324
942 _cKNG
_2udc
_n0
_028
944 _aED
_c2018-12-11
_k30537
_lГрета Цуфелде
999 _d323580
999 _d323580
999 _d323580
999 _d323580
999 _d323580
999 _d323580